000 00971nmc a2200313 a 4500
003 AR-X00000XY
005 20251128211904.0
008 227020s2005 ||||||||||||||000 | spa||
020 _a950-05-1123-1
040 _cAR-X00000XY
100 1 _aSondereguer, César
245 1 0 _aCivilización amerindia
_btipología histórico-plástica de las culturas precolombinas : Norteamérica - Mesoamérica - Centroamérica - Suramérica : 40.000 a.C. - 1532 d.C.
250 _a1ª ed.
260 _aBuenos Aires
_bCorregidor
_c2005
300 0 _a87 p.
_bil.
490 0 _aAmerindia arte
650 4 _aHISTORIA DEL ARTE
650 4 _aARTES PLASTICAS
650 4 _aHISTORIA AMERICANA
650 4 _aHISTORIA CULTURAL
650 4 _aANTROPOLOGIA CULTURAL Y SOCIAL
651 4 _aAmérica
653 0 _aCIVILIZACIONES PRECOLOMBINAS
653 0 _aARTE PRECOLOMBINO
653 0 _aCULTURAS PRECOLOMBINAS
700 1 _aPunta, Carlos
942 _cBK
998 _cNancy
999 _c21484
_d21484